Statistics for Famous People by Picture #2

Click here to take the quiz!

General Stats

  • This quiz has been taken 27 times
  • The average score is 4 of 9

Answer Stats

Answer% Correct
Albert Einstein
100%
Napoleon Bonaparte
96%
Genghis Khan
69%
Isaac Newton
50%
William Shakespeare
46%
Ben Franklin
27%
Socrates
8%
Augustus Caesar
4%
Charlemagne
0%

Score Distribution

Percentile by Number Answered

Percent of People with Each Score

Your Score History

You have not taken this quiz